| 000 | 00843nam a22002057a 4500 | ||
|---|---|---|---|
| 999 |
_c17592 _d17592 |
||
| 003 | AR-CdUCM | ||
| 008 | 190509b ||||| |||| 00| 0 spa d | ||
| 040 |
_aMUNICIPALIDAD PROVINCIAL DEL CUSCO _cBIBLIOTECA MUNICIPAL DEL CUSCO |
||
| 082 |
_a120 / _bG74 |
||
| 100 |
_aGortari, Eli de. _937415 |
||
| 245 | _aSiete ensayos filosóficos sobre la ciencia moderna / | ||
| 260 |
_aMéxico : _bGijalbo, _c1969. |
||
| 300 |
_a156 páginas ; _c19 cm. |
||
| 440 |
_aColección 70. _n56. _937699 |
||
| 505 | _aContenido : Galileo el creador de la ciencia moderna -- Oposición entre la física y la metafísica en descartes -- Orisferas y asintotas -- Filosofía de la evolución -- Arqueología, antropología y evolución social ... | ||
| 650 |
_aFilosofía. _9395 |
||
| 650 |
_aPsicología. _91538 |
||
| 942 |
_2ddc _cLIBROS |
||
| 945 |
_arum _d2019-05-09 |
||